| 000 | 00531nam a22001817a 4500 | ||
|---|---|---|---|
| 005 | 20170629101957.0 | ||
| 010 | _aENG-118998 | ||
| 020 |
_c450.00 _a9789382632092 |
||
| 035 | _aEN-102530 | ||
| 037 | _bDBAD/PUB | ||
| 082 | _a372.2 | ||
| 100 | _aGupta, Jyoti | ||
| 245 |
_aEarly childhood : _cby Jyoti Gupta _bdevelopment & learning / |
||
| 260 |
_aAllahabad _bAprajita Publcation _c2016 |
||
| 270 |
_bAllahabad _e211001 _a5, Khusro Bagh Road |
||
| 300 |
_av,152.p. _c22cm(Hb) |
||
| 942 |
_2ddc _cEN _mGUP _h372.2 |
||
| 999 |
_c142054 _d142054 |
||